Wealth and the wealthy in the modern world /

Bibliographic Details
Other Authors: Rubinstein, W. D.
Format: Book
Language:English
Published: London : Croom Helm, [1980]
Subjects:

MARC

Tag First Indicator Second Indicator Subfields
LEADER 00000cam a2200000 a 4500
001 in00000081970
005 20151008055439.0
008 801006s1980 enka b 00100 eng d
020 |a 0856645338 :  |c 13.95 
035 |a (OCoLC)06793129 
035 |9 AAJ3487AM 
040 |a MIA  |c MIA  |d m.c.  |d OCL  |d TXA  |d UtOrBLW 
049 |a TXAM  |c [1329255] 
090 |a HC79.W4  |b W4 1980a 
245 0 0 |a Wealth and the wealthy in the modern world /  |c edited by W. D. Rubinstein. 
264 1 |a London :  |b Croom Helm,  |c [1980] 
264 4 |c ©1980 
300 |a 283 pages :  |b illustrations ;  |c 23 cm. 
336 |a text  |b txt  |2 rdacontent 
337 |a unmediated  |b n  |2 rdamedia 
338 |a volume  |b nc  |2 rdacarrier 
500 |a Includes bibliographical references and index. 
650 0 |a Wealth  |x History. 
650 0 |a Millionaires  |x History. 
700 1 |a Rubinstein, W. D. 
999 |a MARS 
999 f f |s 45234dd8-eef0-326e-b8ba-6bbbe0c98706  |i 8d344cc8-9d27-3ff0-abac-67ab4b9d1b5d  |t 0 
952 f f |p ric  |a Texas A&M University  |b Rellis Campus  |c Joint Library Facility  |d Remote Storage  |t 0  |e HC79.W4 W4 1980a  |h Library of Congress classification  |i unmediated -- volume  |m A14806121291 
998 f f |a HC79.W4 W4 1980a  |t 0  |l Remote Storage